Scaling Up Excellence (Record no. 96170)

MARC details
000 -LEADER
fixed length control field 00439nam a2200181Ia 4500
008 - FIXED-LENGTH DATA ELEMENTS--GENERAL INFORMATION
fixed length control field 230125s9999 xx 000 0 und d
020 ## - INTERNATIONAL STANDARD BOOK NUMBER
International Standard Book Number 9781847941008
041 ## - LANGUAGE CODE
Language code of text/sound track or separate title eng
082 ## - DEWEY DECIMAL CLASSIFICATION NUMBER
Classification number 658
Item number ROB
100 ## - MAIN ENTRY--PERSONAL NAME
Personal name Robert S
9 (RLIN) 118165
245 ## - TITLE STATEMENT
Title Scaling Up Excellence
250 ## - EDITION STATEMENT
Edition statement 1st Ed.
260 ## - PUBLICATION, DISTRIBUTION, ETC. (IMPRINT)
Date of publication, distribution, etc. 2014
Name of publisher, distributor, etc. Penguin Random House India
Place of publication, distribution, etc. U K
300 ## - PHYSICAL DESCRIPTION
Extent 346p
700 ## - ADDED ENTRY--PERSONAL NAME
Personal name Robert S & Rao H
9 (RLIN) 118166
906 ## - LOCAL DATA ELEMENT F, LDF (RLIN)
b 139.72
Holdings
Withdrawn status Lost status Damaged status Not for loan Home library Current library Date acquired Vendor Cost, normal purchase price Bill number Total Checkouts Full call number Barcode Date last seen Cost, replacement price Bill Date Koha item type Original Barcode
        Smt. Hiraben Nanavati Institute of Management & Research for Women Smt. Hiraben Nanavati Institute of Management & Research for Women 02/01/2020 Forward Books 499.00 11159   658 ROB B19291 HIMR-BK-19291 25/01/2023 359.28 25/01/2023 Books B19291